000 00326 a2200157 4500
001 61376
020 _a8526216465
040 _cAnchieta - Pituba
100 _aRius, MarĂ­a
240 1 0 _aA idade moderna
_lpor
245 1 0 _aA idade moderna
300 _a32
362 0 _a1996
650 4 _aLiteratura juvenil
942 _cBK
999 _c61376
_d61376